Thermal insulation: avoiding risks, a good practice guide supporting building regulation requirements. (Record no. 101776)

MARC details
000 -LEADER
fixed length control field 01109cam a2200277 4500
008 - FIXED-LENGTH DATA ELEMENTS--GENERAL INFORMATION
fixed length control field 011116n2002 000 0 eng u
020 ## - INTERNATIONAL STANDARD BOOK NUMBER
International Standard Book Number 1860815154
035 ## - SYSTEM CONTROL NUMBER
System control number (Sirsi) u115620
100 ## - MAIN ENTRY--PERSONAL NAME
Personal name Stirling, C.
-- Editor
110 ## - MAIN ENTRY--CORPORATE NAME
Corporate name or jurisdiction name as entry element Building Research Establishment
245 ## - TITLE STATEMENT
Title Thermal insulation: avoiding risks, a good practice guide supporting building regulation requirements.
250 ## - EDITION STATEMENT
Edition statement 3rd ed.
260 ## - PUBLICATION, DISTRIBUTION, ETC.
Name of publisher, distributor, etc. Construction Research Communications Ltd
Date of publication, distribution, etc. 2002
300 ## - PHYSICAL DESCRIPTION
Extent v,80p.
Dimensions 30cm.
350 ## - PRICE (NR) (BK AM CF MU VM SE) [OBSOLETE]
Price 25.00
520 ## - SUMMARY, ETC.
Summary, etc. Supports the building regulations for the conservation of fuel and power. Discusses the more technical risks associated with meeting the requirements of building regulations for thermal insulation.
650 ## - SUBJECT ADDED ENTRY--TOPICAL TERM
Topical term or geographic name entry element THERMAL INSULATION
650 ## - SUBJECT ADDED ENTRY--TOPICAL TERM
Topical term or geographic name entry element ENERGY CONSERVATION
650 ## - SUBJECT ADDED ENTRY--TOPICAL TERM
Topical term or geographic name entry element BUILDING REGULATIONS
9 (RLIN) 6224
650 ## - SUBJECT ADDED ENTRY--TOPICAL TERM
Topical term or geographic name entry element CONSTRUCTION METHODS
650 ## - SUBJECT ADDED ENTRY--TOPICAL TERM
Topical term or geographic name entry element GOOD PRACTICE
690 ## - LOCAL SUBJECT ADDED ENTRY--TOPICAL TERM (OCLC, RLIN)
Topical term or geographic name as entry element BUILDING AND CONSTRUCTION-REGULATIONS
710 ## - ADDED ENTRY--CORPORATE NAME
Corporate name or jurisdiction name as entry element Building Research Establishment
710 ## - ADDED ENTRY--CORPORATE NAME
Corporate name or jurisdiction name as entry element Department for Transport, Local Government and the Regions
9 (RLIN) 4091
942 ## - ADDED ENTRY ELEMENTS (KOHA)
Suppress in OPAC 0
Holdings
Withdrawn status Lost status Source of classification or shelving scheme Damaged status Not for loan Home library Current library Shelving location Date acquired Cost, normal purchase price Total Checkouts Full call number Barcode Date last seen Date last checked out Copy number Cost, replacement price Price effective from Koha item type
    Dewey Decimal Classification     London London Folio 16/04/2002 21.25 16 F692.2 30065757 06/08/2019 26/01/2010 1 21.25 06/08/2019 Book